| 000 | 01084cam a22003377a 4500 | ||
|---|---|---|---|
| 003 | CHAP | ||
| 005 | 20220329142305.0 | ||
| 008 | 000515d1999 us r 00010 eng d | ||
| 010 | _a81133 | ||
| 011 | _a82105 | ||
| 020 | _a012460370X | ||
| 035 | _a92591 | ||
| 040 | _cCHAP | ||
| 082 | 0 | 4 |
_a628.53 _bL8 |
| 100 | 0 | 0 |
_aLuo, Yiqi _eed. _969159 |
| 245 | 1 | 0 |
_aCarbon dioxide and environmental stress _c/ed. by Yiqi Luo and Harold A. Mooney |
| 260 |
_aSan Diego : _bAcademic Press, _c1999. |
||
| 300 | _a415 p. | ||
| 590 |
_aBATCH-UPD _b10 _c20130110 _lUCH01 _h0509 |
||
| 590 |
_aBATCH-UPD _b10 _c20130110 _lUCH01 _h2250 |
||
| 590 |
_aBATCH-UPD _b10 _c20130410 _lUCH01 _h0147 |
||
| 590 |
_aBATCH-UPD _b10 _c20130914 _lUCH01 _h1204 |
||
| 590 |
_aCONVERSION _b10 _c20130109 _lUCH01 _h1345 |
||
| 650 | 1 | 4 |
_aDioxido de carbono. _932667 |
| 650 | 1 | 4 |
_aMedio ambiente _xContaminación. _974069 |
| 700 | 0 |
_aMooney, Harold A. _eed. _978048 |
|
| 901 | _aBK | ||
| 905 | _aLilia Sánchez G. | ||
| 942 | _cLIBRO | ||
| 949 |
_a628.53 L8 _bBC _cLIBRO _d33724000778817 _eLIBRO _gI.202325 _h98016 _i92591 _si _t$665.00 |
||
| 999 |
_c81133 _d81133 |
||